Statistics for Football Cities

Click here to take the quiz!

General Stats

  • This quiz has been taken 25 times
  • The average score is 25 of 36

Answer Stats

CityFootball club% Correct
Real Madrid
100%
MadridAtletico Madrid
100%
LondonArsenal
95%
TurinJuventus
95%
LiverpoolEverton
95%
FC Barcelona
95%
Chelsea
95%
Liverpool FC
95%
Tottenham Hotspurs
91%
Valencia CF
91%
Galatasaray
86%
BelgradeRed Star Belgrade
86%
Torino
86%
West Ham
86%
Sevilla FC
82%
Crystal Palace
82%
BarcelonaEspanyol
82%
Dinamo Moscow
77%
MoscowCSKA Moscow
77%
Fenerbahçe
73%
Spartak Moscow
73%
Fulham
68%
RotterdamFeyenoord
64%
Buenos AiresBoca Juniors
64%
River Plate
59%
Besiktas
59%
GenovaGenoa CFC
59%
Partizan Belgrade
50%
Lokomotiv Moscow
45%
SevilleReal Betis Balompié
41%
ValenciaLevante UD
32%
Rayo Vallecano
27%
Sampdoria
23%
San Lorenzo
18%
IstanbulBasaksehir
18%
Excelsior
9%

Score Distribution

Percentile by Number Answered

Percent of People with Each Score

Your Score History

You have not taken this quiz